000 00928na a2200241 4500
001 16693
003 MIRAKIL
005 20181213154922.0
008 161012b tu 000 0
035 _a16693
040 _aMilas
_btur
_cTR-AnCHP
041 _atur
082 _a307.760956221
_bK35 2009
090 _a307.760956221 K35 2009
245 _aKent eylem planı
_bancak seninle birlikte
_b(Çanakkale kentinin vizyonu, ilke ve değerleri, misyonu çalışma alanları ve konuları eylem planları)
_cÇanakkale Kent Konseyi
246 _aÇanakkale kentinin vizyonu, ilke ve değerleri, misyonu çalışma alanları ve konuları eylem planları
260 _aÇanakkale
_bÇanakkale Kent Konseyi yayınları
_c2009
300 _a208 s.
_c30 sm.
440 _aÇanakkale Kent Konseyi Yayınları
_v16
610 _aÇanakkale Kent Konseyi
_xEylem planı
650 _aKent sosyolojisi
_zÇanakkale
942 _2ddc
_cBKS
999 _c3144
_d3144